000 00610nam a2200193Ia 4500
003 GCL
008 140319s9999 xx 000 0 ara d
040 _aGCL /
_cGCL
082 0 4 _a343.055
_bع ش
100 1 _aعبدالفتاح مراد
_vReviewer
_@
…راجع
245 1 0 _aشرح قانون ضريبة الاستهلاك /
_cعبدالفتاح مراد
260 _a[S.N] :
_bدار الفكر الجامعى ،
_c1990
300 _a403 ص
490 _a
650 0 4 _aالقانون
650 0 4 _aالضرائب
650 0 4 _aضرائب الارباح التجارية
942 _2ddc
_cBK
999 _c55652
_d55652